| 000 | 01938cam a22004094a 4500 | ||
|---|---|---|---|
| 999 |
_c3506 _d3506 |
||
| 001 | 16582029 | ||
| 003 | GZU | ||
| 005 | 20201202082040.0 | ||
| 008 | 101216s2010 enkab b 001 0 eng | ||
| 010 | _a 2010283408 | ||
| 015 |
_aGBB087235 _2bnb |
||
| 016 | 7 |
_a015606794 _2Uk |
|
| 020 | _a9781847010247 (pbk.) | ||
| 020 | _a1847010245 (pbk.) | ||
| 020 | _a9781779221100 (Weaver Press) | ||
| 020 | _a177922110X (Weaver Press) | ||
| 020 | _a9781770099852 (Jacana) | ||
| 020 | _a1770099859 (Jacana) | ||
| 035 | _a(OCoLC)ocn641506608 | ||
| 040 |
_aUKM _cUKM _dBTCTA _dYDXCP _dC#P _dDOS _dDLC |
||
| 042 | _alccopycat | ||
| 043 | _af-rh--- | ||
| 050 | 0 | 0 |
_aHD1333. _bZIM 2010 |
| 082 | 0 | 4 |
_a333.316891090511 _222 |
| 245 | 0 | 0 |
_aZimbabwe's land reform : _bmyths & realities / _cIan Scoones ... [et al.]. |
| 260 |
_aWoodbridge ; _aRochester, NY : _bJames Currey/Boydell & Brewer ; _aHarare, Zimbabwe : _bWeaver Press ; _aAuckland Park, South Africa : _bJacana Media, _c2010. |
||
| 300 |
_axv, 288 p. : _bill., map ; _c22 cm. |
||
| 490 | 1 | _aAfrican issues | |
| 504 | _aIncludes bibliographical references (p. 257-278) and index. | ||
| 505 | 0 | _aLivelihoods & land reform in Zimbabwe -- Land reform in Masvingo Province -- New land, new people, new livelihoods - Investing in the land -- The new farmers : agricultural & livestock production -- Labour : the new farm workers -- Real markets : the challenging political economy of agricultural commodities -- Livelihoods beyond the farm : off-farm income & migration -- Territory, authority & social dynamics -- Livelihood pathways & economic linkages : emerging impacts of land reform -- Lessons from Zimbabwe's land reform. | |
| 650 | 0 |
_aLand reform _zZimbabwe _xHistory _y21st century. |
|
| 700 | 1 | _aScoones, Ian. | |
| 830 | 0 | _aAfrican issues. | |
| 906 |
_a7 _bcbc _ccopycat _d2 _encip _f20 _gy-gencatlg |
||
| 942 |
_2lcc _cBK _h1331 _iZIM _kHD |
||